000 00977nam a2200241 4500
001 112955
003 ES-MaACL
005 20230906185718.0
007 t|
008 061121s1984 cl r ||||1| spa d
110 2 _aMuseo Macional de Bellas Artes (Santiago de Chile)
_95888
245 1 0 _aMuseo Nacional de Bellas Artes /
_ctexto Nena Ossa Puelma ; prólogo Enrique Campos Menéndez.
250 _a1ª ed.
260 _aSantiago de Chile :
_bDirección de Bibliotecas, Archivos y Museos , Ministerio de Educación Pública,
_c1984.
300 _a143 p. :
_bil ;
_c25 cm.
490 1 _aColección Chile y su cultura. Serie, Museos nacionales ;
_v3
700 1 _aOssa Puelma, Nena.
_987781
700 1 _aCampos Menéndez, Enrique.
_934278
710 1 _aChile.
_bDirección de Bibliotecas, Archivos y Museos.
_92800
830 0 _aColección Chile y su cultura. Serie, Museos nacionales ;
_v3
_9181467
852 _aES-MaACL
_jG-7510
_bR.114145
999 _c112955
_d112955